Nắm vững và vận dụng thông thạo tiếng Anh văn phòng

সংরক্ষণ করুন:
গ্রন্থ-পঞ্জীর বিবরন
বিন্যাস: গ্রন্থ
ভাষা:Undetermined
প্রকাশিত: Thành phố Hồ Chí Minh Tổng hợp Thành phố Hồ Chí Minh 2005
বিষয়গুলি:
ট্যাগগুলো: ট্যাগ যুক্ত করুন
কোনো ট্যাগ নেই, প্রথমজন হিসাবে ট্যাগ করুন!
Thư viện lưu trữ: Trung tâm Học liệu Trường Đại học Cần Thơ
LEADER 00640nam a2200193Ia 4500
001 CTU_93906
008 210402s9999 xx 000 0 und d
020 |c 60000 
082 |a 428.24 
082 |b N114 
245 0 |a Nắm vững và vận dụng thông thạo tiếng Anh văn phòng 
245 0 |c Lê Huy Lâm, Phạm Văn Sáng biên dịch 
260 |a Thành phố Hồ Chí Minh 
260 |b Tổng hợp Thành phố Hồ Chí Minh 
260 |c 2005 
650 |a English language 
650 |x Foreigner speakers 
904 |i Năm 
980 |a Trung tâm Học liệu Trường Đại học Cần Thơ